00968nam a22002534aa4500003000800000005001700008008004100025040003000066041000800096044000700104082001700111100003600128245012500164260002700289300004400316500003600360502018000396650003500576653001400611653001600625653001300641653001100654700004900665BOFEUTO20260512145626.0 t2025 bo gr 000 f spa d 6BOFEUTOaBOFEUTOcBOFEUTO aspa abo aTE6297bL864 aLópez Portillo, Anabeleautor aPrograma de higiene y seguridad industrial para la Empresa Minera la Antigua S.R.L. de Oruro .c Anabel López Portillo aOruro :bs/n ;c2025 . a139 hojas :bgráf, ilus. ;c28.5 cm . aIncluye bibliografía, anexos. aTesis Dirigida, (Licenciatura) -- Universidad Técnica de Oruro, Facultad de Ciencias Económicas, Financieras y Administrativas, Carrera Administración de Empresas, 2025. aHigiene y Seguridad Industrial aSeguridad aOperaciones aProcesos aRiesgo aGuzmán Gutiérrez, Douglas Gonzaloetutor